[Event "Sigeman & Co 11th"]
[Site "Malmo"]
[Date "2003.05.07"]
[Round "8"]
[White "Hillarp Persson, Tiger"]
[Black "Hansen, Curt"]
[Result "0-1"]
[WhiteElo "2474"]
[BlackElo "2610"]
[Annotator "Huzman,A"]
[PlyCount "73"]
[EventDate "2003.04.29"]
[EventType "tourn"]
[EventRounds "9"]
[EventCountry "SWE"]
[EventCategory "13"]
[SourceTitle "CBM 095"]
[Source "ChessBase"]
[SourceDate "2003.07.25"]
[SourceVersion "1"]
[SourceVersionDate "2003.07.25"]
[SourceQuality "1"]

1. d4 d5 2. c4 dxc4 3. Nf3 a6 4. a4 Nf6 5. e3 Bg4 6. Nc3 Nc6 7. Bxc4 e6 8. h3
Bh5 9. O-O Bd6 10. Be2 O-O 11. g4 (11. Ne1 Bxe2 12. Qxe2 (12. Nxe2 e5 13. Nf3
Qe7 14. dxe5 Nxe5 15. Ned4 Rfd8 16. Qc2 c5 $15 {0-1 Rabar,B-Fuster,G/
Trencianske Teplice 1941/EXT 98 (30)}) 12... e5 13. d5 Ne7 14. e4 Ng6 15. Nd3
Qe7 16. Bg5 h6 17. Bxf6 Qxf6 18. Qg4 Rae8 19. Rab1 Nf4 $11 {0-1 Levine,
L-Seidman,H/New York 1941/EXT 99 (32)}) (11. e4 Bxf3 12. Bxf3 Nxd4 $17 {
0-1 Conan,C-Benoit,M/Monte Carlo 1969/MCD (58)}) (11. Nd2 Bxe2 12. Qxe2 e5 13.
d5 (13. dxe5 Nxe5 14. Nde4 Nxe4 15. Nxe4 Bb4 16. Rd1 Qe7 17. b3 Ng6 18. Ng3 Qe5
19. Bb2 Bc3 $11 {0-1 Meyer,B-Muench,I/Ingelheim 1991/EXT 2000 (39)}) (13. Nb3
exd4 14. exd4 h6 15. Rd1 Re8 16. Qf3 Qe7 17. Be3 Rad8 18. Rac1 Ne4 $11 {
1/2-1/2 Ljubojevic,L-Lautier,J/Monte Carlo 1999/CBM 69 ext (24)}) 13... Nb4 14.
Nc4 (14. e4 Nc2 15. Rb1 Nd4 16. Qd1 b5 17. Nf3 b4 18. Nxd4 exd4 19. Ne2 Nxe4
20. Qxd4 Re8 21. Qc4 Nc5 22. b3 {1/2-1/2 Tichy,V-Sapi,L/Leipzig 1978/EXT 99 
(22)}) 14... Nbxd5 15. Nxd5 Nxd5 16. Rd1 Nb6 17. Nxe5 Qe8 18. Nc4 Nxc4 19. Qxc4
Rd8 $11 {1-0 Kuijpers,F-Gerusel,M/Hengelo 1970/EXT 2001 (46)}) (11. b3 e5 (
11... Qe7 12. Bb2 (12. Nd2 Bg6 (12... Bxe2 13. Qxe2 e5 14. d5 Nb4 15. e4 Nc2
16. Rb1 Nd4 17. Qd1 Bb4 18. Bb2 Rfd8 $11 {1-0 Couche,D-Archangelsky,M/Cappelle
la Grande 1995/EXT 97 (52)}) 13. Nc4 Bb4 14. Na2 Rfd8 15. Nxb4 Nxb4 16. Ba3 a5
17. Qe1 c5 18. dxc5 Nc2 $17 {0-1 Yunusov,A-Bedgarani,I/Voroshilovgrad 1989/EXT
97 (28)}) 12... Rfd8 13. Nd2 Bg6 14. Nc4 e5 15. dxe5 Bxe5 16. Qc1 Bxc3 17. Qxc3
Nd4 18. Bd1 Ne4 19. Qe1 Nc6 20. Rc1 Nb4 $11 {1/2-1/2 Kovacevic,V-Marjanovic,S/
Novi Sad 1984/MCL (55)}) 12. Nxe5 Bxe2 13. Nxc6 Bxd1 14. Nxd8 Bxb3 15. Nxb7 Bc4
16. Rd1 Bb3 17. Re1 Bb4 18. Bb2 Nd7 19. Nc5 Nxc5 20. dxc5 Rfd8 $44 {1/2-1/2
Rodriguez Vargas,O-Payne,K/Buenos Aires 1978/EXT 2002 (50)}) (11. Kh1 Re8 (
11... Qe8 12. e4 Bxf3 (12... Rd8 13. Be3 Bxf3 14. Bxf3 Be5 15. d5 exd5 16. exd5
Nb4 17. Bc5 Bd6 18. Bd4 Be7 19. Qb3 $14 {1/2-1/2 Juhnke,K-Willenberg,D/Germany
1999/EXT 2003 (32)}) 13. Bxf3 e5 14. d5 Ne7 15. Be3 Nd7 16. Qb3 f5 17. exf5
Nxf5 18. Ne4 Nxe3 19. fxe3 b6 20. Bg4 $16 {1-0 Kebbekus,T-Pimmingstorfer,C/
Germany 1992/TD (34)}) (11... Bb4 12. Bd2 Qe7 13. Ne5 Bxe2 14. Nxc6 Bxd1 15.
Nxe7+ Bxe7 16. Rfxd1 c5 $11 {1/2-1/2 Butsenko,I-Papenin,N/Kiev 2001/EXT 2002 
(28)}) 12. e4 Bxf3 13. Bxf3 e5 14. d5 Nd4 15. Be3 Bc5 16. Ne2 Nxf3 17. gxf3
Bxe3 18. fxe3 Qd7 $11 {1/2-1/2 Ftacnik,L-Donchev,D/Bratislava 1983/MCD (35)}) (
11. Bd2 Qe7 12. Qb3 (12. Re1 h6 13. Qb3 Bg6 14. Rac1 Rab8 15. Red1 Rfd8 16. Be1
e5 17. dxe5 Nxe5 $11 {0-1 Prakash,G-Ye Rongguang/Penang 1991/EXT 97 (34)})
12... Rfd8 13. Rfd1 Bg6 (13... Rab8 14. Be1 e5 15. dxe5 Nxe5 16. Nd4 Bg6 17.
Nf3 Ne4 $15 {0-1 Maksimov,Y-Lazarev,E/Simferopol 1989/EXT 97 (34)}) 14. Nh4 Na5
15. Qa2 Bc2 16. Rdc1 Bb3 17. Qb1 Bb4 18. Nf3 Rac8 19. Be1 c5 $15 {1-0 Kraidman,
Y-Shvidler,E/ISR 1986/CBM 01 (50)}) (11. a5 Rb8 12. Ra4 Qe8 13. e4 e5 14. d5
Nd4 15. Nxd4 exd4 16. Qxd4 Bxe2 17. Nxe2 Nxd5 18. exd5 Qxe2 19. Bf4 $11 {
1/2-1/2 Kluss,K-Juergeleit,A/Germany 1987/EXT 97-B (51)}) 11... Bg6 12. Nh4 Nb4
{[%cal Yc7c5]} (12... e5 $5 13. dxe5 (13. d5 Nxd5) (13. Nxg6 hxg6 14. d5 Nb4
15. e4 Bc5) 13... Bxe5 14. Nxg6 hxg6 15. Bf3 Qe7 $132 16. g5 Bxc3 17. bxc3 Ne4)
13. Nxg6 hxg6 14. e4 Be7 15. g5 Nd7 16. f4 $14 c6 (16... c5 17. d5 exd5 18.
Nxd5 Nxd5 19. Qxd5 $14) 17. h4 $6 {[%cal Gf4f5,Gh4h5] A rather grave
imprecision that allows Black to develop a fully-fledged counterplay.} (17. a5
$1 {[%csl Rb4]}) 17... Qa5 $1 18. Qb3 $6 (18. h5 gxh5 19. Bxh5 Rad8 20. Be3 g6
21. Bg4 (21. Bf3 e5 $132) 21... c5 $132) (18. Be3 $142 Rad8 19. Qb3 c5 $132)
18... c5 $132 19. d5 c4 $1 20. Bxc4 (20. Qxc4 Nb6 21. Qb3 exd5 22. exd5 N6xd5
23. Nxd5 Nxd5 24. Bf3 Nb4 $11 (24... Rad8 $5 25. Qxb7 Bc5+ 26. Kg2 Nb4 $44))
20... Nc5 21. Qd1 Nxe4 $1 $15 22. Nxe4 exd5 23. Bxd5 Nxd5 24. Qf3 Bb4 (24...
Rac8 $5 25. f5 (25. h5 gxh5 26. Qxh5 Qb4 27. Qf3 Rc4 $17) 25... gxf5 26. Qxf5
Qb6+ 27. Kh1 Qd4 28. Bd2 Rc4 29. Rae1 g6 (29... Rxa4 30. g6 $44) 30. Qf3 Rxa4
31. b3 Ra2 $17) 25. h5 $2 (25. f5 gxf5 26. Qxf5 Rae8 27. Kh1 Ne3 (27... g6 28.
Qf3 Re5 29. Rd1 $132) 28. Bxe3 Qxf5 29. Rxf5 Rxe4 30. Rf4 Rfe8 $15) (25. Rd1
Rad8 26. b3 Nc3 $17) 25... gxh5 26. Qxh5 Rac8 (26... Qb6+ 27. Kg2 Qd4 28. Ng3
Bd2 $17) 27. Kg2 $2 (27. Rf2 Qb6 (27... Bc5 28. Nxc5 Qxc5 29. Bd2 Qd4 30. Ra3
$132) 28. Bd2 Rc4 29. Kh1 Qe6 30. Ng3 Qc6 $17) 27... Rc2+ 28. Kf3 f5 (28... Nf6
$1 29. Nxf6+ gxf6 30. Kg4 Qd5 $19 {[%csl Rg4]}) 29. gxf6 Nxf6 30. Qxa5 $11 Bxa5
31. Nxf6+ (31. Rf2 $11) 31... Rxf6 32. Be3 Rxb2 $15 33. Rab1 $1 Rxb1 34. Rxb1
Rf7 35. Kg4 Bc3 36. Rc1 Rc7 (36... Bf6 $15) 37. Bd4 (37. Bd4 Ba5 38. Rb1 $15)
0-1

[Event "Bundesliga 0405"]
[Site "Germany"]
[Date "2005.04.10"]
[Round "15.1"]
[White "Gustafsson, Jan"]
[Black "Brynell, Stellan"]
[Result "1/2-1/2"]
[WhiteElo "2603"]
[BlackElo "2473"]
[Annotator "Huzman,A"]
[PlyCount "45"]
[EventDate "2004.11.12"]
[EventType "team-tourn"]
[EventRounds "15"]
[EventCountry "GER"]
[SourceTitle "CBM 107"]
[Source "ChessBase"]
[SourceDate "2005.08.01"]
[SourceVersion "1"]
[SourceVersionDate "2005.08.01"]
[SourceQuality "1"]
[WhiteTeam "Hamburger SK"]
[BlackTeam "Neukoelln"]
[WhiteTeamCountry "GER"]
[BlackTeamCountry "GER"]

1. Nf3 d5 2. d4 Nf6 3. c4 dxc4 4. Nc3 a6 5. e4 b5 6. e5 Nd5 7. a4 e6 8. axb5
Nb6 9. Be3 Bb4 10. Nd2 Bxc3 (10... axb5 11. Rxa8 Nxa8 12. Qg4 Kf8 13. Nxb5 Nb6
14. Nc3 Nc6 15. Be2 h5 16. Qe4 Bb7 17. O-O g6 18. Bf3 Kg7 19. Qf4 Be7 20. Rd1
Ba8 (20... Nd5 $13) 21. d5 $1 $16 {1-0 Kramnik,V-Korchnoi,V/Budapest 1996/Inf
68/[Kramnik,V] (49)}) (10... O-O 11. Qg4 f5 12. exf6 Qxf6 13. Bxc4 Nxc4 14.
Nxc4 e5 15. Qe4 exd4 16. Bxd4 Bf5 17. Qe3 Qg6 18. O-O Nd7 19. Ne5 Nxe5 20. Bxe5
axb5 21. Rxa8 Rxa8 22. Nxb5 Bd3 23. Rc1 Bxb5 24. Qb3+ Qf7 25. Qxb4 c6 26. h3
Re8 27. Qd4 Qd5 28. Bxg7 {1-0 Aleshnia,V-Bratholm,P/ICCF email 1998/E-Mail
2000 (28)}) 11. bxc3 axb5 12. Rxa8 Nxa8 13. Qg4 $6 ({White had good chances
for an advantage after} 13. Nxc4 bxc4 (13... O-O 14. Nd2 Bb7 15. Qg4 $16) 14.
Qa4+ Nd7 (14... Bd7 15. Qxa8 $16) 15. Qxa8 Nb6 16. Qe4 Qd5 17. Qg4 $1 (17. Qxd5
exd5 18. Be2 Bf5 19. Kd2 Kd7 20. Ra1 Rb8 21. g4 Be4 22. f3 Bg6 23. h4 {1/2-1/2
Calotescu,A-Jackova,J/Yerevan 2000/CBM 78 ext (23)})) 13... Kf8 14. Ne4 (14. h4
$5 h5 (14... Nb6 15. h5 h6 16. Rh3 $44) 15. Qg3 Nb6 $13) 14... Nb6 15. Bg5 (15.
Be2 N8d7 16. O-O Bb7 $11) 15... Qe8 16. Be2 h6 17. Bc1 N8d7 18. Ba3+ Kg8 19.
O-O Bb7 $11 20. Ra1 (20. Bf3 $5 Bd5 21. Rb1 Kh7 22. Bd1 $44) (20. Rb1 Bxe4 21.
Qxe4 Nd5 $11) 20... Bxe4 21. Qxe4 Nd5 $11 22. Bb2 g6 23. Bd1 1/2-1/2

[Event "EU-Cup 19th"]
[Site "Rethymno"]
[Date "2003.10.02"]
[Round "5.6"]
[White "Timoscenko, Gennadij A"]
[Black "Meins, Gerlef"]
[Result "1/2-1/2"]
[WhiteElo "2530"]
[BlackElo "2454"]
[Annotator "Huzman,A"]
[PlyCount "134"]
[EventDate "2003.09.28"]
[EventType "team-swiss"]
[EventRounds "7"]
[EventCountry "GRE"]
[SourceTitle "CBM 098"]
[Source "ChessBase"]
[SourceDate "2004.02.03"]
[SourceVersion "1"]
[SourceVersionDate "2004.02.03"]
[SourceQuality "1"]
[WhiteTeam "Lipovec"]
[BlackTeam "Werder Bremen"]
[WhiteTeamCountry "SVK"]
[BlackTeamCountry "GER"]

1. d4 d5 2. Nf3 Nf6 3. c4 dxc4 4. Nc3 a6 5. e4 b5 6. e5 Nd5 7. a4 e6 8. axb5
Nb6 9. Be3 axb5 10. Rxa8 Nxa8 11. Nxb5 Nb6 12. Be2 (12. Nd2 Ba6 13. Nc3 Nc6 {
1/2-1/2 Khalifman,A-Ganguly,S/Moscow 2001/CBM 86 (13)}) 12... Ba6 (12... Be7
13. O-O O-O 14. Qc2 Nc6 15. Na3 Nb4 16. Qc1 Nd3 17. Qa1 Ba6 18. Rd1 Nxb2 19.
Qxb2 c3 20. Qc2 Bxe2 21. Qxe2 Bxa3 22. Qd3 Nd5 23. Ng5 g6 24. Ne4 Bb2 25. Bg5
Qa8 26. Qf3 c2 27. Re1 Qa3 28. Qxa3 Bxa3 29. Bc1 Bxc1 30. Rxc1 Rb8 31. Nd2 Rb2
{0-1 Campos Moreno,J-Magem Badals,J/Barcelona 2000/CBM 77 ext (31)}) 13. Nc3
Be7 14. O-O O-O 15. Qc2 Nc6 16. Qe4 {[%mdl 36] Following a typical idea of
bringing the Q closer to the opponent's K. I consider it White's best plan 
(Shulman-Krush, I, CBM 97)} Nb4 (16... Bb7 17. Qg4 Kh8 18. Qh5 $40) 17. Qg4 Kh8
18. Qh5 f6 $5 {[%mdl 256] Weakening a bit the K's fortress but establishing a
connection between the K and the rest of Black's pieces and taking control
over the "g5" spot} 19. exf6 gxf6 20. Nd2 $6 (20. Bh6 Rg8 21. Qf7 Rg6 22. Be3
Bc8 $14 {[%cal Yd8g8]}) (20. Qh3 $5 Qd7 21. Ra1 Bb7 22. Ra7 $36) 20... Nc2 $1
$132 21. Qa5 Bb7 22. Bf3 Bxf3 23. Nxf3 Rg8 24. Rc1 {To get an edge, White has
to take advantage of Black's weak pawns} Nxe3 $6 {Swapping a "bad" B and
improving White's pawn structure - a dubious achievement} (24... Nb4 $5 $11 {
[%cal Yb4d3]}) 25. fxe3 Nd5 (25... Qa8 $5 26. Qxa8 (26. Qh5 Nd5 $11) 26... Rxa8
27. Ne4 (27. Kf2 c5 $11) (27. e4 Bb4 28. Kf2 c5 $11) 27... Ra2 28. Ned2 Rxb2
29. Nxc4 Nxc4 30. Rxc4 Bd6 31. e4 $14) 26. Nd1 $14 Qa8 27. Qxa8 Rxa8 28. Nd2
Nb6 29. Kf1 Ra4 30. b3 $5 (30. Ke2 Bd6 31. g3 f5 $14) 30... cxb3 (30... Ba3 31.
Rc2 (31. Rb1 cxb3 32. Rxb3 $11) 31... cxb3 32. Nxb3 Bd6 33. Nc5 Ra1 34. Ke2 $14
) 31. Rxc7 Nd5 32. Rb7 (32. Rc8+ $5 Kg7 33. Nxb3 Ra3 34. Rb8 (34. Nc5 Bxc5 35.
dxc5 Nxe3+ 36. Nxe3 Rxe3 $11) 34... f5 35. Ke2 Ra2+ 36. Kf3 Bd6 37. h3 h5 $44)
32... Bd6 33. h3 Ra2 34. Nxb3 f5 {Only a handful of pieces are still on, and
those of White are too passive. All that prevent White from  turning his
advantage into something more substantial} 35. g4 f4 36. exf4 Bxf4 37. Nc5 Rd2
38. Rb1 Rxd4 39. Nxe6 Rxd1+ 40. Rxd1 Ne3+ 41. Ke2 Nxd1 42. Kxd1 Bd6 43. Ke2 Kg8
44. Kf3 Kf7 45. Nf4 Be7 46. Ke4 Bh4 47. Kf5 Be1 48. Ne6 Bf2 49. Ng5+ Kg7 50.
Nf3 Bg3 51. h4 Bf2 52. h5 Be3 53. Ne5 Bd2 54. Nc4 Bc3 55. Nd6 Bb2 56. g5 Bc3
57. Ne8+ Kf7 58. Nd6+ Kg7 59. h6+ Kg8 60. Ne4 Bb2 61. Ke6 Bc1 62. Ke7 Ba3+ 63.
Ke8 Bc1 64. Ke7 Ba3+ 65. Ke6 Bc1 66. Kf6 Bb2+ 67. Kf5 Bc1 1/2-1/2

[Event "EU-chT (Men) 14th"]
[Site "Plovdiv"]
[Date "2003.10.19"]
[Round "8.1"]
[White "Bareev, Evgeny"]
[Black "Azmaiparashvili, Zurab"]
[Result "1/2-1/2"]
[WhiteElo "2739"]
[BlackElo "2693"]
[Annotator "Huzman,A"]
[PlyCount "109"]
[EventDate "2003.10.10"]
[EventType "team-swiss"]
[EventRounds "9"]
[EventCountry "BUL"]
[SourceTitle "CBM 098"]
[Source "ChessBase"]
[SourceDate "2004.02.03"]
[SourceVersion "1"]
[SourceVersionDate "2004.02.03"]
[SourceQuality "1"]
[WhiteTeam "Russia"]
[BlackTeam "Georgia"]
[WhiteTeamCountry "RUS"]
[BlackTeamCountry "GEO"]

1. d4 d5 2. c4 dxc4 3. Nf3 c5 4. d5 Nf6 5. Nc3 e6 6. e4 exd5 7. e5 Ne4 8. Qxd5
Nxc3 9. Qxd8+ Kxd8 10. bxc3 Nc6 11. Ng5 $6 $146 (11. Bxc4 Be6 12. Bxe6 (12. Bb3
Bxb3 13. axb3 Be7 14. Bf4 Kd7 15. O-O-O+ Ke6 $11 {1/2-1/2 Tukmakov,V-Giertz,N/
Biel 1998/EXT 99 (45)}) 12... fxe6 13. Ng5 Kd7 14. Be3 (14. Bf4 Re8 15. O-O-O+
Kc7 16. Rd2 h6 17. Ne4 Be7 18. Rhd1 {1/2-1/2 Khenkin,I-Mellado Trivino,J/
France 2002/CBM 88 ext (18)}) 14... Nxe5 15. O-O-O+ Kc6 16. Bf4 Ng6 17. Bg3 e5
18. Nf7 Rg8 19. h4 $1 h5 20. Rhe1 Be7 $1 21. Kc2 Bf6 22. Bxe5 Nxe5 23. Nxe5+
Bxe5 24. Rxe5 $14 {1/2-1/2 Dreev,A-Azmaiparashvili,Z/Dos Hermanas 2001/CBM 83/
[Huzman] (38)}) 11... Ke8 $1 (11... Nxe5 12. Bf4 (12. f4 h6 13. fxe5 hxg5 14.
Bxg5+ (14. Bxc4 f6 15. O-O Be7 16. Be3 $44) 14... Be7 15. Rd1+ Ke8 16. Bxe7
Kxe7 17. Bxc4 Be6 18. Bxe6 Kxe6 (18... fxe6 19. O-O Rh5 $15) 19. Rd6+ Kxe5 20.
Rd7 Ke6 21. Rxb7 Rhb8 22. Rxb8 Rxb8 $17) 12... h6 (12... Be7 13. O-O-O+ Bd7 (
13... Ke8 14. Bxe5 Bxg5+ 15. f4 Be7 16. Bxc4 $44) 14. Rd5 h6 15. Bxc4 hxg5 16.
Bxe5 $44) 13. O-O-O+ Ke7 14. Ne4 (14. Bxe5 hxg5 15. Bxc4 Be6 16. Bxe6 fxe6 (
16... Kxe6 17. Rhe1 Kf5 18. Rd7 $44) 17. Rd2 $44) 14... Nd3+ (14... Ke6 $5 15.
Re1 f6 16. Bxe5 fxe5 17. Bxc4+ Kd7 18. Re3 $44) (14... f6 15. Bxe5 fxe5 16.
Bxc4 $44) 15. Bxd3 cxd3 16. Bd6+ Ke6 17. Rxd3 $44) 12. e6 f6 $5 (12... Bxe6 13.
Nxe6 fxe6 14. Bxc4 Kf7 15. f4 Na5 16. Be2 Be7 $15) 13. Nf7 Bxe6 $1 {[%mdl 512]}
14. Nxh8 Bd6 15. g3 $5 Bd5 (15... Kd7 $5 16. Bg2 Rxh8 17. Be3 Kc7 $15 {/-/+})
16. Rg1 Ne5 17. Be2 $1 (17. Bg2 Bxg2 18. Rxg2 Kd7 $15) 17... Kd7 (17... Nf3+
18. Bxf3 Bxf3 19. Bf4 $11) 18. f4 Nd3+ 19. Kd2 Rxh8 (19... Nxc1 {Black
wouldn't swap his N for a "bad" "c1" B. He rather prefer to sac a pawn thus
getting rid of a much more important "e2" B} 20. Raxc1 (20. Kxc1 Rxh8 21. Rd1
Kc6 22. Rb1 Be4 23. Rb2 b5 24. a4 a6 25. axb5+ axb5 26. Ra2 $132) 20... Rxh8
21. Rcd1 b5 22. Kc1 Kc6 23. Rge1 $11) 20. Bxd3 cxd3 21. Kxd3 c4+ 22. Kd2 h5 $1
{[%mdl 4096] Opening the "h" file by force allows Black to bring the R in,
which was the initial reason behind the pawn sac} 23. a4 $1 {[%cal Gc1a3]} Bc5
24. Re1 h4 25. Ba3 (25. g4 $6 Bf3 26. g5 fxg5 27. fxg5 Bd6 28. Rf1 Bg2 29. Rf7+
Ke6 30. Rxg7 Bxh2 $19 {[%cal Yh4h1]}) 25... hxg3 $1 (25... Bxa3 26. Rxa3 hxg3
27. hxg3 Rh3 28. Re3 Rh2+ 29. Re2 $11) 26. Bxc5 (26. hxg3 Bf2 $1 27. Re7+ Kc6
28. Rf1 (28. Rxg7 Rh2 $19) 28... Bxg3 29. Rxg7 Rh2+ 30. Ke3 (30. Kd1 Bg2 31.
Rxg3 Bxf1 32. Rg6 Ra2 $17) 30... Rh3 31. Ke2 Bh4 $17) 26... gxh2 27. Re7+ Kc6
28. Bxa7 Rh7 $1 (28... h1=Q 29. Rxh1 Rxh1 30. Rxg7 $11) 29. Bb8 (29. Bd4 h1=Q
30. Rxh1 Bxh1 31. f5 Bd5 $17 {[%cal Yc6d6]}) 29... Kb6 $1 (29... h1=Q 30. Rxh1
Bxh1 31. Rc7+ $11) 30. Bc7+ Kc5 31. Rb1 Bc6 $1 (31... h1=Q 32. Rb5+ Kc6 33.
Rb6+ Kc5 34. Rb5+ $11) 32. Ba5 $2 (32. Bb6+ $1 Kd6 33. Rc7 $1 $11 Bxa4 $140 (
33... h1=Q 34. Rxh1 Rxh1 35. Rxg7 Rh2+ 36. Ke1 Bxa4 37. Rxb7 Kc6 38. Rb8 $11)
34. Rxb7 Bc6 35. Rc7 h1=Q 36. Rxh1 Bxh1 37. Rxc4 $11) 32... h1=Q 33. Bb4+ Kd5
34. Rxh1 Rxh1 35. Rxg7 Ke4 $6 (35... Rh2+ $1 36. Ke3 Rh3+ 37. Ke2 Ke4 $17) 36.
Bd6 Bxa4 $2 (36... Rh2+ $1 37. Kc1 Bxa4 $17) 37. Re7+ Kf5 38. Re1 $15 Rh8 39.
Bc5 $1 {White has consolidated his position, and a draw is now inevitable} Bc6
40. Bd4 Rh3 41. Re7 Bd5 42. Re8 Rd3+ 43. Kc2 Be4 44. Kb2 b5 45. Rb8 Rd1 46. Rb6
Kxf4 47. Bxf6 Rb1+ 48. Ka2 Ke3 49. Bg5+ Kf3 50. Be7 Bd3 51. Bb4 Ke3 52. Rxb5
Kd2 53. Rh5 Rf1 54. Rh2+ Be2 55. Kb2 1/2-1/2

[Event "RUS-ch 56th"]
[Site "Krasnoyarsk"]
[Date "2003.09.05"]
[Round "3"]
[White "Najer, Evgeniy"]
[Black "Bezgodov, Alexei"]
[Result "1-0"]
[WhiteElo "2608"]
[BlackElo "2542"]
[Annotator "Huzman,A"]
[PlyCount "77"]
[EventDate "2003.09.03"]
[EventType "swiss"]
[EventRounds "9"]
[EventCountry "RUS"]
[SourceTitle "CBM 098"]
[Source "ChessBase"]
[SourceDate "2004.02.03"]
[SourceVersion "1"]
[SourceVersionDate "2004.02.03"]
[SourceQuality "1"]

1. d4 d5 2. c4 dxc4 3. Nf3 Nf6 4. Nc3 c5 5. d5 e6 6. e4 exd5 7. e5 Ne4 8. Qxd5
(8. Nxd5 b5 (8... Be6 9. Bxc4 Nc6 10. Qd3 Qa5+ 11. b4 Nxb4 12. Qxe4 Bxd5 13.
Bxd5 Nxd5+ 14. Bd2 Nb4 15. e6 O-O-O 16. O-O $18 {1-0 Malakhatko,V-Kamber,B/
Zurich SUI 2002/(33)}) 9. b3 Qa5+ 10. Bd2 Nxd2 11. Qxd2 Qxd2+ 12. Nxd2 Na6 13.
bxc4 Be6 14. O-O-O {1/2-1/2 Pein,M-Garcia Palermo,C/Brussels 1986/CBM 01 (14)})
(8. Nxe4 dxe4 9. Qxd8+ Kxd8 10. Ng5 Be6 11. Nxe6+ fxe6 12. Bxc4 Nc6 13. Bf4 Nd4
(13... Kc7 14. O-O-O Be7 15. Rhe1 g5 16. Bg3 h5 17. h3 h4 18. Bh2 Rhf8 19. Bxe6
Rxf2 $15 {1/2-1/2 Kharlov,A-Kosintseva,T/St Petersburg RUS 2003/(51)}) 14.
O-O-O Kc7 15. Rhe1 Be7 16. Rxe4 b5 17. Bf1 Rhf8 (17... Kc6 18. Be3 Nf5 19. Bd2
Rad8 20. g4 Nh4 21. f4 Rhf8 22. Be2 h6 23. Kc2 g5 $132 {1/2-1/2 Stefanova,
A-Cramling,P/Istanbul TUR 2003/(43)}) 18. Be3 Rad8 19. Kb1 Rd5 20. Rc1 Nf5 21.
Bxb5 Nxe3 22. fxe3 Rf2 23. Rf4 Rdd2 24. Rxf2 Rxf2 25. Rd1 Bg5 26. Rd7+ Kb6 27.
Bc4 Bxe3 28. Rd6+ Kc7 29. Rxe6 $14 {1-0 Postny,E-Reutsky,S/Budapest HUN 2003/
(43)}) 8... Nxc3 9. Qxd8+ Kxd8 10. bxc3 h6 $6 (10... Nc6 $142 11. Bxc4 Be6) 11.
Bxc4 Be6 12. Bxe6 fxe6 13. Nh4 $1 Be7 14. Ng6 $14 {[%mdl 36] Ng6 provides for
White opportunity of pawn's attack on the king's side.} Re8 15. Be3 b6 16. h4
$1 Nd7 17. h5 (17. Ke2 Kc8 18. h5 Bd8 19. Kf3 Bc7 20. Ke4 Kb7 21. Rh3 Nf8 22.
Rf1 Nxg6 23. hxg6 Kc6 24. g4 b5 25. f4 a5 $16 {1-0 Naer,E-Belikov,V/Moscow
1998/EXT 2000 (25)}) 17... Nf8 18. Ke2 Kc7 (18... Nxg6 19. hxg6 Kc7 20. g4 $16
{[%cal Gf2f5]}) 19. a4 Nxg6 20. hxg6 Kc6 21. f4 Kd5 $1 {Looks risky, but Black
considered it the best counterplay chance, because defending passively didn't
seemingly appeal to him at all} 22. Kf3 (22. Rhd1+ Kc4 23. Rd7 Bf8 $132) 22...
Kc4 23. g4 $1 {White doesn't really care about the "c3" pawn preferring to
pursue his "a"-plan} Rad8 (23... Kxc3 24. Rab1 c4 25. Ke4 Ba3 26. Bd4+ Kc2 27.
Rb5 $18 {[%csl Rc2]}) 24. Rhd1 $1 Rd5 $1 (24... Kxc3 25. Ke4 Rxd1 26. Rxd1 Kb3
27. Rd7 Kxa4 28. f5 $1 {White's pawns are much more dangerous than the black
ones} (28. Rxa7+ Kb4 29. f5 exf5+ 30. gxf5 Bf6 (30... Kc4 31. Bxh6 $1 gxh6 32.
Rxe7 $1 Rxe7 33. f6 $18) 31. Bf4 Kc4 32. e6 b5 33. Be5 Rg8 $1 (33... b4 34.
Rxg7 Bxg7 35. Bxg7 h5 36. Be5 $18)) 28... exf5+ (28... c4 29. Rxa7+ (29. Bxh6
exf5+ 30. gxf5 gxh6 31. Rxe7 $1 Rxe7 (31... Rc8 32. g7 c3 33. Rxa7+ Kb3 34. f6
c2 35. Ra1 Kb2 36. Rh1 $18) 32. f6 Rxe5+ (32... Rc7 33. g7 c3 34. g8=Q c2 35.
Qa2+ Kb4 36. Qb2+ Ka4 37. Qc1 $18) 33. Kxe5 c3 34. f7 c2 35. f8=Q c1=Q 36. Qf4+
$18) 29... Kb3 30. Rb7 $18) 29. gxf5 Bf6 30. Bf4 c4 31. Kd5 $16) 25. Rxd5 exd5
(25... Kxd5 26. Rd1+ Kc4 27. Rd7 $18) 26. f5 Bf8 (26... Kxc3 27. Bxh6 gxh6 28.
g7 Rg8 29. f6 c4) 27. Bf4 Kxc3 28. Rd1 d4 29. Ke4 Bd6 (29... Be7 30. Kd5) 30.
Rh1 {A highly complicated position. White doesn't seem to risk losing a full
point, because Black's passing pawns are supported by the K alone. On the
other hand, White's wining chances aren't easy to estimate} d3 (30... Be7 31.
Kd5 d3) 31. Rc1+ Kb2 32. Rd1 c4 33. Kd5 Bxe5 34. Bxe5+ Kc2 35. Rh1 d2 36. Bxg7
c3 37. Bxc3 $1 Kxc3 38. g7 Kb4 (38... Re1 39. Rh3+ $1 Kb4 (39... Kc2 40. Rh2
Re8 41. f6 $18) 40. Rd3 d1=Q 41. Rxd1 Rxd1+ 42. Ke6 Rd8 43. f6 $18) 39. Rd1 1-0